| 000 | 00345nam a2200133Ia 4500 | ||
|---|---|---|---|
| 008 | 150202s9999 xx 000 0 und d | ||
| 020 | _a645805874 | ||
| 050 |
_aFIC _bFIC |
||
| 100 | _aKing, Stephen. | ||
| 245 |
_aCarrie / _cStephen King. |
||
| 260 |
_aNew York : _bAnchor Books, _c2011. |
||
| 300 |
_a290 pages : _c18 cm. |
||
| 650 | _aFiction. | ||
| 999 |
_c282492 _d282492 |
||